Política y desarrollo /
Gardado en:
| Autor Principal: | |
|---|---|
| Formato: | Texto |
| Materias: | |
| Etiquetas: |
Engadir etiqueta
Sen Etiquetas, Sexa o primeiro en etiquetar este rexistro!
|
MARC
| LEADER | 00000 a a2200000 04500 | ||
|---|---|---|---|
| 001 | 16788 | ||
| 003 | |||
| 040 | |||
| 100 | |a Acosta Jaén, Nogui | ||
| 245 | |a Política y desarrollo / |c Nogui Acosta Jaén | ||
| 500 | |a En Na. 19392.00 se encuentra informacion complementaria para este articulo | ||
| 650 | |a DESARROLLO ECONOMICO Y SOCIAL | ||
| 650 | |a CAMBIO ECONOMICO | ||
| 650 | |a POLITICA DE COMPETENCIA | ||
| 773 | |g volumen 10, número 1; páginas 275-282 | ||
| 999 | |c 38309 |d 38309 | ||
